Normal view
MARC view
- Sequences (Mathematics)
Entry Topical Term
001 - CONTROL NUMBER
- control field: 95773
003 - CONTROL NUMBER IDENTIFIER
- control field: NUST
005 - DATE AND TIME OF LATEST TRANSACTION
- control field: 20220729121507.0
008 - FIXED-LENGTH DATA ELEMENTS
- fixed length control field: 220729|| aca||aabn | a|a d
040 ## - CATALOGING SOURCE
- Original cataloging agency: NUST
- Transcribing agency: NUST
150 ## - HEADING--TOPICAL TERM
- Topical term or geographic name entry element: Sequences (Mathematics)
670 ## - SOURCE DATA FOUND
- Source citation: Work cat.: (NUST)188726: P.V.Kumar 95771, Difference Sets, Sequences, and their Correlation Properties /, 1999.
